Normal view
MARC view
- Barrett, Robert,
Entry Personal Name
001 - CONTROL NUMBER
- control field: 38041
003 - CONTROL NUMBER IDENTIFIER
- control field: OSt
005 - DATE AND TIME OF LATEST TRANSACTION
- control field: 20150519130820.0
008 - FIXED-LENGTH DATA ELEMENTS
- fixed length control field: 150519|| aca||aabn | a|a d
040 ## - CATALOGING SOURCE
- Original cataloging agency: OSt
100 1# - HEADING--PERSONAL NAME
- Personal name: Barrett, Robert,
- Dates associated with a name: 1949-
400 1# - SEE FROM TRACING--PERSONAL NAME
- Personal name: Barrett, Robert,
- Fuller form of name: (Robert Theodore)
- Dates associated with a name: 1949-
400 1# - SEE FROM TRACING--PERSONAL NAME
- Personal name: Barrett, Robert T.
- Fuller form of name: (Robert Theodore),
- Dates associated with a name: 1949-